| 000 | 00000nam 2200000zi 4500 |
| 001 | 9.944337 |
| 003 | CaOODSP |
| 005 | 20250129151136 |
| 006 | m o d f |
| 007 | cr mn||||||||| |
| 008 | 241022e202412##quca obs f000 0 eng d |
| 020 | |a9780660741048 |
| 040 | |aCaOODSP|beng|erda|cCaOODSP |
| 043 | |an-cn--- |
| 045 | |ay1y2 |
| 086 | 1 |aEn4-144/65-2024E-PDF |
| 245 | 00|aCanadian environmental sustainability indicators : |binvasive alien species in Canada. |
| 246 | 10|aInvasive alien species in Canada |
| 250 | |a[December 2024 edition]. |
| 264 | 1|aGatineau QC : |bEnvironment and Climate Change Canada = Environnement et changement climatique Canada, |cDecember 2024. |
| 264 | 4|c©2024 |
| 300 | |a1 online resource (11 pages) : |bcolour illustration |
| 336 | |atext|btxt|2rdacontent |
| 337 | |acomputer|bc|2rdamedia |
| 338 | |aonline resource|bcr|2rdacarrier |
| 500 | |aIssued also in French under title: Indicateurs canadiens de durabilité de l'environnement : espèces exotiques envahissants au Canada. |
| 500 | |a"Project code: EC24019"--Page 2. |
| 504 | |aIncludes bibliographical references. |
| 520 | |a"Plants, animals and microorganisms that have moved beyond their native range to a non-native ecosystem are known as alien species. When the introduction and spread of alien species threaten the new environment, economy or society (including human health), they are considered invasive. Invasive alien species can cause environmental and economic damage to our waterways, food supply and natural resources. For the purposes of this indicator, species are considered "established" when a reproducing population exists in Canada and eradication efforts have been abandoned. They are also considered "regulated" only if regulatory measures are federal in scope. This indicator reports the number of federally regulated invasive alien species that have become established in Canada since 2012"--Page 4. |
| 650 | 0|aIntroduced organisms|zCanada|vStatistics. |
| 650 | 0|aEnvironmental indicators|zCanada. |
| 655 | 7|aStatistics|2lcgft |
| 710 | 1 |aCanada. |bEnvironment and Climate Change Canada, |eissuing body. |
| 775 | 08|tIndicateurs canadiens de durabilité de l'environnement : |w(CaOODSP)9.944339 |
| 795 | |tCanadian environmental sustainability indicators : |b(February 2017)|w(CaOODSP)9.816912 |
| 856 | 40|qPDF|s395 KB|uhttps://publications.gc.ca/collections/collection_2025/eccc/en4/En4-144-65-2024-eng.pdf |
| 856 | 4 |qHTML|sN/A|uhttps://www.canada.ca/en/environment-climate-change/services/environmental-indicators/invasive-alien-species.html |
| 986 | |aEC24019 |